L'Aqüicultura marina a la circumscripció de Barcelona /
ISBN:
84-505-3867-x
Descripción Física:
139 p. : il., negre i col., taules, gràf. ; 30 cm
Otros Autores:
Flos Bassols, Rosa
Materias:
Aqüicultura marina -- Barcelona
Idioma:
Catalán
MARC
| LEADER | 00000nam a2200000Ia 4500 | ||
|---|---|---|---|
| 001 | 2153 | ||
| 003 | Arxiu | ||
| 005 | 20260324175737.0 | ||
| 008 | 160829s1986 spc xx s cat c | ||
| 020 | |a 84-505-3867-x | ||
| 040 | |a AGDB | ||
| 080 | |a C-1-548 | ||
| 245 | 0 | 2 | |a L'Aqüicultura marina a la circumscripció de Barcelona / |c R. Flos ... [et al.] |
| 260 | |a Barcelona : |b Diputació de Barcelona, Servei d' Agricultura i Ramaderia, |c 1986 | ||
| 300 | |a 139 p. : |b il., negre i col., taules, gràf. ; |c 30 cm | ||
| 490 | 1 | |a Estudis i monografies ; 9 | |
| 650 | |a Aqüicultura marina |x Barcelona |9 39792 | ||
| 700 | |a Flos Bassols, Rosa |9 39793 |e autor | ||
| 710 | 1 | |a Barcelona (Catalunya : Província). |b Servei d'Agricultura i Ramaderia |9 54365 | |
| 830 | 0 | |a Estudis i monografies (Barcelona (Catalunya : Província). Diputació) |v 9 |9 55978 | |
| 901 | |a Arxiu | ||
| 942 | |n 1 |2 udc |c ARXIU | ||
| 952 | |0 0 |1 0 |4 0 |6 C1548 |7 1 |9 49214 |a Arxiu |b Arxiu |d 2016-12-01 |l 0 |o C-1-548 |p 2153 |r 2016-12-01 00:00:00 |w 2016-12-01 |y ARXIU | ||
| 999 | |c 53054 |d 53054 | ||